000 02670nam a2200289Ia 4500
999 _c55636
_d55636
001 22731
003 GE_BSU
005 20230502113722.0
008 181216s ||||ge |||||||||||||| ||geo||
040 _cGE_BSU
041 _ageo
080 _a551(075.8):376 თ-41
100 _aთევზაძე, რუსუდან
_917913
245 _aკატასტროფის რისკის შემცირება ინკლუზიური მიდგომით :
_bსახელმძღვანელო სტუდენტებისათვის /
_cრუსუდან თევზაძე ; თეონა ჯულუხაძე.
264 _aთბილისი :
_b[?],
_c2018.
300 _a88 გვ. ;
_c30 სმ.
500 _aპუბლიკაცია შექმნილია ევროკავშირის მხარდაჭერით.მის შინაარსზე სრულიად პასუხისმგებელია საქართველოს არბაითერ-სამარიტერ-ბუნდი (ASB)და არ ასახავს ევროკავშირის შეხედულებებს
500 _aაღნიშნული გამოცემა შეიქმნა უნივერსიტეტის სტუდენტებისათვის და სრულიად მოიცავს საქართველოსთვის დამახასიათებელ ყველა ბუნებრივ კატასტროფას
520 _aპუბლიკაცია შექმნილია ევროკავშირის მხარდაჭერით.მის შინაარსზე სრულიად პასუხისმგებელია საქართველოს არბაითერ-სამარიტერ-ბუნდი (ASB)და არ ასახავს ევროკავშირის შეხედულებებს.
541 _h3ლ.
653 _aგანსაკუთრებულ პირთა ჯგუფის განათლება
653 _aკატასტროფის რისკის შემცირება ინკლუზიური მიდგომით
653 _aსახელმძღვანელო სტუდენტებისათვის
653 _aკლიმატოლოგია
700 _aჯულუხაძე, თეონა
_eთანაავტორი
_917914
942 _cBK
_2udc